Eminem Albums - Sudden Death - Statistics

General Stats
  • This quiz has been taken 377 times
  • The average score is 8 of 10
Answers on the Grid
Answers color-coded by a green-red scale on the quiz's grid according to % correct below.
Infinite
Infinity
The Death of Slim Shady
The Carter
7 Miles
The Marshall Mathers LP 2
The Blueprint
I am a Celebrity
Recovery
On to the Next One
Damn.
The Slim Shady LP
Gold Digger
Rhythm and Flow
Music to be Murdered By
The Lemonem Show
Vultures
Marshall Law
Get Down on It
Encore
Tales from the Crypt
Extinction Level Event
Relapse
The Eminem Show
D13
My Salsa
The Marshall Mathers LP
The King of Rap
2014 Forest Hills Drive
King Mathers
 
Answer Stats
Answer % Correct
The Death of Slim Shady
91%
The Marshall Mathers LP 2
91%
The Slim Shady LP
90%
The Marshall Mathers LP
88%
The Eminem Show
87%
Encore
84%
Recovery
83%
Relapse
79%
Infinite
78%
Music to be Murdered By
75%
No matching quizzes found
Score Distribution
Percent of People with Each Score
Percentile by Number Answered
Your Score History
You have not taken this quiz